| 000 | 00000nam##2200000za#4500 |
| 001 | 9.571775 |
| 003 | CaOODSP |
| 005 | 20210624182907 |
| 007 | cr ||||||||||| |
| 008 | 150406|2001||||xxc|||||o f|0| 0 eng|d |
| 040 | |aCaOODSP|beng |
| 043 | |an-cn--- |
| 086 | 1 |aNH18-23/92E-PDF |
| 110 | 2 |aCanada Mortgage and Housing Corporation. |
| 245 | 14|aThe changing nature of work and future housing aspirations of Canadians |h[electronic resource] |
| 260 | |aOttawa - Ontario : |bCanada Mortgage and Housing Corporation |cNovember 2001. |
| 300 | |a4p.|btable |
| 490 | 1 |aResearch highlight. Socio-economic series |v92 |
| 500 | |aOn cover: This highlight is based on a 1998 CMHC research report |
| 590 | |a11-23-Supp|b2011-10-17 |
| 690 | 07|aLabour market|2gcpds |
| 690 | 07|aHousing|2gcpds |
| 775 | 08|tL'évolution du marché du travail et des aspirations des canadiens en matière de logement |w(CaOODSP)9.602200 |
| 776 | 0#|tThe changing nature of work and future housing aspirations of Canadians |w(CaOODSP)9.615911 |
| 830 | #0|aResearch highlight. Socio-economic series ;|v92|w(CaOODSP)9.505168 |
| 856 | 40|ahttp://publications.gc.ca|qPDF|s97 KB|uhttps://publications.gc.ca/collections/Collection/NH18-23-92E.pdf|y92 |